Srdcom na spiši

Bibliographic Details
Main Author: Kolesár, Zdeno, 1960- (Author)
Format: Article
Language:Slovak
PhysicalDescription:Obr. 7.
Subjects:

MARC

LEADER 00000nab a2200000 a 4500
001 vtls000303515
003 SK-MaSNL
005 20260302215030.0
008 160215c1988 xo 0 slo
015 |a SNBRB19rr/mm-uuuuu 
035 |a CL0313634 
040 |a SNKBUCL  |b slo  |c SNKBUCL  |e AACR2 
041 0 |a slo 
044 |a xo  |c SK 
080 |a 75.071.2  |2 1981 
080 |a 929 Pollóg, Peter  |2 1981 
100 1 |a Kolesár, Zdeno,  |d 1960-  |4 aut  |9 111340 
245 1 0 |a Srdcom na spiši  |c Zdeno Kolesár 
300 |b Obr. 7. 
600 1 7 |a Pollág, Peter,  |d 1958-  |2 snkbucl  |9 152627 
655 7 |a články z novín a časopisov  |2 snkbucl  |9 267496 
773 0 |t Príroda a spoločnosť  |g Roč. 36, č. 21 (1988), s. /50-53/ 
850 |a Slovenská národná knižnica v Martine  |a MTA001 
852 |a SNK  |b KIS3GCP 
958 |a BX 
958 |a RK 
992 |a RBX 
999 |c 1500621  |d 1502551